000 00265nam a2200109Ia 4500
005 20251222154333.0
008 251222s9999||||xx |||||||||||||| ||spa||
020 _a8460929113
082 _a508.854.2/M12
245 0 _aEl Paraíso Amazónico del Perú:
942 _cLIB
999 _c34232
_d34232